Чукотское и эскимосское искусство. Из собрания Загорского государственного историко-художественного музея-заповедника

Manylion Llyfryddiaeth
Awduron Eraill: Ефимова А. К. Антонина Кирилловна (редактор), Клитина Е. Н. Евгения Николаевна
Iaith:Rwseg
Cyhoeddwyd: Ленинград, Художник РСФСР, 1981
Pynciau:
Fformat: MixedMaterials Llyfr
KOHA link:https://koha.lib.tpu.ru/cgi-bin/koha/opac-detail.pl?biblionumber=117819

MARC

LEADER 00000nam0a2200000 4500
001 117819
005 20231031123929.0
035 |a (RuTPU)RU\TPU\book\127526 
090 |a 117819 
100 |a 20070606d1981 m y0rusy50 ca 
101 0 |a rus 
102 |a RU 
105 |a a z 001zy 
200 1 |a Чукотское и эскимосское искусство. Из собрания Загорского государственного историко-художественного музея-заповедника  |f под ред. А. К. Ефимовой; под ред. Е. Н. Клитиной 
210 |a Ленинград  |c Художник РСФСР  |d 1981 
215 |a 180 с.  |c ил. 
320 |a Список иллюстраций: с. 169-175. 
610 1 |a чукотское искусство 
610 1 |a эскимосское искусство 
610 1 |a резьба 
610 1 |a гравировка 
675 |a 7(069)  |v 3 
675 |a 745.55(084)  |v 3 
702 1 |a Ефимова  |b А. К.  |g Антонина Кирилловна  |4 340 
702 1 |a Клитина  |b Е. Н.  |g Евгения Николаевна  |4 340 
801 1 |a RU  |b 63413507  |c 20070606  |g PSBO 
801 2 |a RU  |b 63413507  |c 20080602  |g PSBO 
942 |c BK